书目信息 |
| 题名: |
全彩视频图解欧姆龙CP1E/1L/1H型PLC快速入门与提高
|
|
| 作者: | 蔡杏山 主编 | |
| 分册: | ||
| 出版信息: | 北京 电子工业出版社 2019.10 |
|
| 页数: | 11, 337页 | |
| 开本: | 26cm | |
| 丛书名: | 全彩视频图解系列 | |
| 单 册: | ||
| 中图分类: | TM571.61-64 | |
| 科图分类: | ||
| 主题词: | PLC技术--PLCji shu--图解 | |
| 电子资源: | ||
| ISBN: | 978-7-121-35799-2 | |
| 000 | 01094nam 2200265 450 | |
| 001 | 0109110209 | |
| 005 | 20201109110338.0 | |
| 010 | @a978-7-121-35799-2@dCNY98.00 | |
| 100 | @a20190406d2019 em y0chiy50 ea | |
| 101 | 0 | @achi |
| 102 | @aCN@b110000 | |
| 105 | @aa z 000yy | |
| 106 | @ar | |
| 200 | 1 | @a全彩视频图解欧姆龙CP1E/1L/1H型PLC快速入门与提高@Aquan cai shi pin tu jie ou mu long CP1E/1L/1H xing PLC kuai su ru men yu ti gao@f蔡杏山主编 |
| 210 | @a北京@c电子工业出版社@d2019.10 | |
| 215 | @a11, 337页@d26cm@e1光盘 | |
| 225 | 2 | @a全彩视频图解系列@Aquan cai shi pin tu jie xi lie |
| 307 | @aISBN:978-7-8871-0233-1 | |
| 330 | @a本书以“全彩+图解+视频”方式介绍欧姆龙CP1E/1L/1H型PLC,主要内容有PLC入门、欧姆龙CP1E/1L/1H系列PLC、欧姆龙PLC编程软件的使用、基本指令说明及应用实例、顺序控制指令及应用实例、常用功能指令及使用举例、高级功能及相关指令的使用。 | |
| 461 | 0 | @12001 @a全彩视频图解系列 |
| 606 | 0 | @aPLC技术@APLCji shu@j图解 |
| 690 | @aTM571.61-64@v5 | |
| 701 | 0 | @a蔡杏山@Acai xing shan@4主编 |
| 801 | 0 | @aCN@bBJSZM@c20201103 |
| 905 | @b1240507-9@dTM571.61-64@e54@f3 | |
| 全彩视频图解欧姆龙CP1E/1L/1H型PLC快速入门与提高/蔡杏山主编.-北京:电子工业出版社,2019.10 |
| 11, 337页;26cm+1光盘.-(全彩视频图解系列) |
| ISBN 978-7-121-35799-2:CNY98.00 |
| 本书以“全彩+图解+视频”方式介绍欧姆龙CP1E/1L/1H型PLC,主要内容有PLC入门、欧姆龙CP1E/1L/1H系列PLC、欧姆龙PLC编程软件的使用、基本指令说明及应用实例、顺序控制指令及应用实例、常用功能指令及使用举例、高级功能及相关指令的使用。 |
| ● |
| 相关链接 |
|
|
|
|
正题名:全彩视频图解欧姆龙CP1E/1L/1H型PLC快速入门与提高
索取号:TM571.61-64/54
 
预约/预借
| 序号 | 登录号 | 条形码 | 馆藏地/架位号 | 状态 | 备注 |
| 1 | 1240507 | 212405075 | 第二样本阅览室/ [索取号:TM571.61-64/54] | 在馆 | |
| 2 | 1240508 | 212405084 | 第三借阅区/ [索取号:TM571.61-64/54] | 在馆 | |
| 3 | 1240509 | 212405093 | 第三借阅区/ [索取号:TM571.61-64/54] | 在馆 |